[Event "Lichtenberger Sommer 2019"]
[Site "Berlin"]
[Date "2019.08.18"]
[Round "2.39"]
[White "Schäfer, Heiko"]
[Black "Beyer, Nils"]
[Result "0-1"]
[WhiteElo "2002"]
[BlackElo "1832"]
[PlyCount "54"]
[EventDate "2019.??.??"]
[WhiteTeam "Potsdamer SV"]
[BlackTeam "TG Wehlheiden"]

1. Nf3 c5 2. c4 Nc6 3. b3 d6 4. Bb2 e5 5. Nc3 g6 6. g3 Bg7 7. d3 Nge7 8. Bg2
O-O 9. O-O Rb8 10. a3 a6 11. Nd2 b5 12. Nd5 Bb7 13. f4 f5 14. b4 Nd4 15. e3 Ne6
16. Rc1 bxc4 17. Nxe7+ Qxe7 18. Nxc4 Bxg2 19. Kxg2 cxb4 20. fxe5 dxe5 21. axb4
Qxb4 22. Bxe5 Bxe5 23. Nxe5 Qb2+ 24. Qc2 Qxe5 25. d4 Qxe3 26. d5 Nd4 27. Qc4
Rb2+ 0-1

[Event "Lichtenberger Sommer 2019"]
[Site "Berlin"]
[Date "2019.08.18"]
[Round "2.40"]
[White "Syre, Christian"]
[Black "Schiller, Stephan"]
[Result "1-0"]
[WhiteElo "2198"]
[BlackElo "1571"]
[PlyCount "57"]
[EventDate "2019.??.??"]
[BlackTeam "SV Motor Wildau"]

1. d4 e6 2. c4 d5 3. Nf3 Nf6 4. Bg5 Be7 5. e3 dxc4 6. Bxc4 Nbd7 7. Nc3 h6 8.
Bh4 a6 9. O-O Nb6 10. Bd3 Nfd5 11. Bg3 c6 12. Rc1 Bd7 13. Ne4 Nc8 14. Ne5 O-O
15. Nc5 Bxc5 16. dxc5 Be8 17. Bb1 f6 18. Qd3 f5 19. e4 fxe4 20. Qxe4 Rf5 21.
Bh4 g5 22. Bg3 Qe7 23. Rfe1 Na7 24. Ng4 Kg7 25. Qxe6 Qxe6 26. Rxe6 Rf8 27. Rxh6
Nb5 28. Rh7+ Kg8 29. Nh6# 1-0

[Event "Lichtenberger Sommer 2019"]
[Site "Berlin"]
[Date "2019.08.18"]
[Round "2.41"]
[White "Wallmann, Bodo"]
[Black "Sieglen, Joachim"]
[Result "0-1"]
[WhiteElo "1789"]
[BlackElo "2218"]
[PlyCount "86"]
[EventDate "2019.??.??"]
[WhiteTeam "SC Kreuzberg"]
[BlackTeam "SC Untergrombach"]

1. d4 Nf6 2. Nf3 c5 3. e3 d5 4. c3 e6 5. Bd3 b6 6. Nbd2 Bb7 7. O-O Be7 8. Qe2
Nbd7 9. e4 cxd4 10. cxd4 dxe4 11. Nxe4 Nxe4 12. Bxe4 Bxe4 13. Qxe4 O-O 14. Bf4
Nf6 15. Qe2 Nd5 16. Bg3 Qd7 17. Ne5 Qb7 18. a3 Rac8 19. Rac1 Bg5 20. Rcd1 g6
21. f4 Bh6 22. Ng4 Bg7 23. Ne5 f6 24. Nc4 Rc6 25. Ne3 Qd7 26. Rc1 Rfc8 27. Rxc6
Rxc6 28. Rd1 Nxe3 29. Qxe3 Qd5 30. Rd2 Rc1+ 31. Kf2 f5 32. Qd3 Rc4 33. Ke3 Rxd4
34. Qxd4 Bxd4+ 35. Rxd4 Qb3+ 36. Rd3 Qxb2 37. Rd8+ Kf7 38. Rd7+ Ke8 39. Rxa7
Qxg2 40. Rxh7 Qe4+ 41. Kd2 Qd4+ 42. Kc2 g5 43. fxg5 f4 0-1

[Event "Lichtenberger Sommer 2019"]
[Site "Berlin"]
[Date "2019.08.18"]
[Round "2.42"]
[White "Fock, Sana"]
[Black "George, Tom"]
[Result "0-1"]
[WhiteElo "1800"]
[BlackElo "2210"]
[PlyCount "68"]
[EventDate "2019.??.??"]
[WhiteTeam "SC Kreuzberg"]
[BlackTeam "SG Stadtilm"]

1. e4 c5 2. Nc3 e6 3. Nge2 Nc6 4. g3 a6 5. Bg2 Qc7 6. O-O Nf6 7. d4 cxd4 8.
Nxd4 Nxd4 9. Qxd4 Bc5 10. Qd3 Ng4 11. Nd1 h5 12. Be3 Nxe3 13. Nxe3 h4 14. Qc3
f6 15. b4 Bd6 16. Qxc7 Bxc7 17. c4 a5 18. b5 Bb6 19. Rfe1 Bc5 20. f4 a4 21. a3
d6 22. Kf2 Kd8 23. Kf3 b6 24. Nc2 Bb7 25. gxh4 Rxh4 26. Kg3 Rh6 27. Ne3 Rg6+
28. Kf2 f5 29. Rg1 e5 30. Ke2 exf4 31. exf5 Rxg2+ 32. Nxg2 f3+ 33. Kd3 fxg2 34.
Rge1 Kd7 0-1

[Event "Lichtenberger Sommer 2019"]
[Site "Berlin"]
[Date "2019.08.18"]
[Round "2.43"]
[White "Niehaus, Frank"]
[Black "Villuela, Roberto"]
[Result "1-0"]
[WhiteElo "2143"]
[BlackElo "1787"]
[PlyCount "47"]
[EventDate "2019.??.??"]
[WhiteTeam "SK König Tegel"]
[BlackTeam "Nairobi Chess Club"]

1. e4 e5 2. f4 exf4 3. Nf3 Be7 4. Nc3 Bh4+ 5. Ke2 Nc6 6. d4 d6 7. Bxf4 Bg4 8.
Qd3 Qd7 9. Kd2 Bxf3 10. gxf3 O-O-O 11. Rd1 Nge7 12. Kc1 Kb8 13. Be3 f5 14. Qb5
fxe4 15. fxe4 Ng6 16. Qa4 Nce7 17. Bb5 Qh3 18. Rd3 Qg2 19. Rg1 Qxh2 20. d5 Nc8
21. Nd1 Rhf8 22. Ra3 b6 23. Bc6 a5 24. Qb5 1-0

[Event "Lichtenberger Sommer 2019"]
[Site "Berlin"]
[Date "2019.08.18"]
[Round "2.44"]
[White "Badestein, Hartmut"]
[Black "Hoffbauer, Jörg"]
[Result "0-1"]
[WhiteElo "2042"]
[BlackElo "1773"]
[PlyCount "124"]
[EventDate "2019.??.??"]
[WhiteTeam "SC Friesen Lichtenberg"]
[BlackTeam "SF 1903 Berlin"]

1. e4 e5 2. Nf3 Nc6 3. Bb5 d6 4. O-O Nf6 5. Re1 g6 6. d4 exd4 7. Nxd4 Bd7 8.
Nc3 Nxd4 9. Bxd7+ Nxd7 10. Qxd4 Qf6 11. Qxf6 Nxf6 12. Bg5 Bg7 13. e5 dxe5 14.
Rxe5+ Kf8 15. Rd1 h6 16. Bh4 Ne8 17. Re3 g5 18. Bg3 f5 19. f4 c5 20. fxg5 Bd4
21. Bf2 Bxe3 22. Bxe3 hxg5 23. Rd5 Ng7 24. Bxc5+ Kg8 25. Bd4 Rh7 26. Bxg7 Rxg7
27. Rxf5 Rd8 28. Nd5 Kh7 29. c4 Rd6 30. Kf2 Kg6 31. Re5 Rf7+ 32. Kg3 a6 33. Kg4
Kh6 34. Rxg5 Rf2 35. Rh5+ Kg7 36. g3 Rxb2 37. Kf5 Rf2+ 38. Ke5 Rc6 39. h4 Rh6
40. Rg5+ Rg6 41. Rxg6+ Kxg6 42. Nf4+ Kf7 43. g4 Rxa2 44. h5 Kg7 45. g5 Ra5+ 46.
Nd5 Ra2 47. Nf4 Ra5+ 48. Nd5 Ra1 49. Nf4 a5 50. Ne6+ Kh7 51. g6+ Kh6 52. g7 Rg1
53. Kf6 a4 54. Kf7 Kh7 55. Nf8+ Kh6 56. Ng6 Rf1+ 57. Kg8 Rd1 58. Kh8 a3 59.
g8=Q a2 60. Qg7+ Kxh5 61. Nf4+ Kh4 62. Qh6+ Kg3 0-1

[Event "Lichtenberger Sommer 2019"]
[Site "Berlin"]
[Date "2019.08.18"]
[Round "2.45"]
[White "Hahlbohm, Matthias"]
[Black "Morczynski, Joachim"]
[Result "1/2-1/2"]
[WhiteElo "2041"]
[BlackElo "1701"]
[PlyCount "59"]
[EventDate "2019.??.??"]
[WhiteTeam "TSG Oberschöneweide"]
[BlackTeam "SK Zehlendorf"]

1. e4 c5 2. Nf3 Nc6 3. d4 cxd4 4. Nxd4 Nf6 5. Nc3 e5 6. Nf3 Bb4 7. Bc4 O-O 8.
Qd3 d6 9. O-O Bg4 10. Bg5 Bxf3 11. gxf3 Bxc3 12. bxc3 h6 13. Bh4 g5 14. Bg3 Qc7
15. Rfd1 Rfd8 16. Qe3 Nh5 17. Bb3 Nf4 18. Rd2 Na5 19. Rad1 Nc4 20. Bxc4 Qxc4
21. Rxd6 Rxd6 22. Rxd6 Qxa2 23. Bxf4 gxf4 24. Qc5 Kh7 25. Kf1 Qb1+ 26. Ke2
Qxc2+ 27. Rd2 Qa4 28. Qxe5 Qa6+ 29. Kd1 Qa1+ 30. Ke2 1/2-1/2

[Event "Lichtenberger Sommer 2019"]
[Site "Berlin"]
[Date "2019.08.18"]
[Round "2.46"]
[White "Bornschein, Burkhard"]
[Black "Moeller, Jared William"]
[Result "1-0"]
[WhiteElo "2016"]
[BlackElo "1693"]
[PlyCount "47"]
[EventDate "2019.??.??"]
[WhiteTeam "BSC Rehberge"]
[BlackTeam "SV Glückauf Rüdersdorf"]

1. d4 Nf6 2. Nf3 e6 3. c4 c5 4. e3 g6 5. Nc3 cxd4 6. exd4 a6 7. Be2 Bg7 8. O-O
d5 9. Ne5 O-O 10. Bf3 dxc4 11. Nxc4 Nc6 12. Bxc6 bxc6 13. Ne5 Qc7 14. Qe2 Nd5
15. Re1 Rd8 16. Qc4 Nb6 17. Qc5 Bxe5 18. dxe5 Nd5 19. Bg5 Rf8 20. Ne4 Rb8 21.
Rab1 Rb5 22. Qc1 Kh8 23. Nf6 Nb4 24. Ne8 1-0

[Event "Lichtenberger Sommer 2019"]
[Site "Berlin"]
[Date "2019.08.18"]
[Round "2.47"]
[White "Wahner, Eberhard"]
[Black "Groot, Patrick"]
[Result "0-1"]
[WhiteElo "1592"]
[BlackElo "1971"]
[PlyCount "76"]
[EventDate "2019.??.??"]
[WhiteTeam "SC Eintracht Berlin"]
[BlackTeam "SF 1903 Berlin"]

1. c4 g6 2. Nc3 c5 3. Nf3 Bg7 4. g3 Nc6 5. Bg2 e6 6. O-O Nge7 7. d3 O-O 8. e4
d5 9. cxd5 exd5 10. exd5 Nxd5 11. Nxd5 Qxd5 12. Nh4 Qd8 13. Qc2 Qb6 14. Be3 Nd4
15. Bxd4 Bxd4 16. Rab1 Be6 17. b3 Rfd8 18. Nf3 Bf6 19. Rbd1 Rd7 20. Rfe1 Rad8
21. Ne5 Rd4 22. Nc4 Qc7 23. Ne3 a5 24. h4 b6 25. Qe2 a4 26. bxa4 Rxa4 27. Nc4
b5 28. Qc2 Ra7 29. Ne3 Rxa2 30. Qb1 Rb2 31. Qc1 Bd4 32. Nc2 Qxg3 33. Rd2 Bh3
34. Ne3 Bxe3 35. fxe3 Rxd2 36. Qxd2 Qxg2+ 37. Qxg2 Bxg2 38. Kxg2 Rxd3 0-1

[Event "Lichtenberger Sommer 2019"]
[Site "Berlin"]
[Date "2019.08.18"]
[Round "2.48"]
[White "Nimptsch, Nikolas"]
[Black "Barwich, Andreas"]
[Result "0-1"]
[WhiteElo "1500"]
[BlackElo "1951"]
[PlyCount "82"]
[EventDate "2019.??.??"]
[WhiteTeam "Leegebrucher SF"]
[BlackTeam "SV Berolina Mitte"]

1. d4 d5 2. Nf3 Nf6 3. Bf4 e6 4. e3 Bd6 5. Bg3 Bxg3 6. hxg3 Qd6 7. c3 b6 8.
Nbd2 Bb7 9. Ne5 Nbd7 10. Ndf3 c6 11. Bd3 Ne4 12. Qc2 Ndf6 13. g4 g5 14. Rh6 Ke7
15. O-O-O c5 16. Rdh1 Rag8 17. Bxe4 dxe4 18. Nd2 b5 19. Nb3 cxd4 20. exd4 Bd5
21. a3 Nd7 22. Nxd7 Kxd7 23. Rxh7 Qf4+ 24. Kb1 Rxh7 25. Rxh7 Ke7 26. Nc5 Qxg4
27. g3 e3 28. fxe3 Qxg3 29. Qh2 Qxh2 30. Rxh2 Bf3 31. Nd3 g4 32. Nf4 g3 33. Rd2
g2 34. Nxg2 Rxg2 35. Kc1 Rxd2 36. Kxd2 a5 37. b4 a4 38. Ke1 Kd6 39. Kf2 Be4 40.
Ke2 Kd5 41. Kd2 Kc4 0-1

[Event "Lichtenberger Sommer 2019"]
[Site "Berlin"]
[Date "2019.08.18"]
[Round "2.49"]
[White "Bauder, Herbert"]
[Black "Kreuchauf, Olaf"]
[Result "1-0"]
[WhiteElo "1947"]
[BlackElo "1690"]
[PlyCount "51"]
[EventDate "2019.??.??"]
[WhiteTeam "Lasker Steglitz-Wilmersdorf"]
[BlackTeam "SC Eintracht Berlin"]

1. d4 f5 2. Nf3 Nf6 3. g3 g6 4. Bg2 Bg7 5. c4 d6 6. O-O O-O 7. Nc3 c6 8. d5 h6
9. Nd4 e5 10. dxe6 Re8 11. e4 fxe4 12. Nxe4 Bxe6 13. Nxe6 Rxe6 14. Nc5 Re7 15.
Bh3 b6 16. Ne6 Qe8 17. Nxg7 Kxg7 18. Qxd6 Ne4 19. Qd4+ Kh7 20. Be3 Na6 21. Rad1
Nb4 22. b3 Nc2 23. Qd3 Nxe3 24. fxe3 Ng5 25. Bd7 Qd8 26. Bxc6 1-0

[Event "Lichtenberger Sommer 2019"]
[Site "Berlin"]
[Date "2019.08.18"]
[Round "2.50"]
[White "Reck, Jessica"]
[Black "Schönberger, Kay"]
[Result "1/2-1/2"]
[WhiteElo "1649"]
[BlackElo "1901"]
[PlyCount "53"]
[EventDate "2019.??.??"]
[WhiteTeam "SK König Tegel"]
[BlackTeam "SV Koblenz"]

1. e4 c5 2. c3 d5 3. exd5 Qxd5 4. d4 Nc6 5. Nf3 Bg4 6. Be2 cxd4 7. cxd4 e6 8.
Be3 Nf6 9. Nc3 Qa5 10. O-O Be7 11. Qb3 Qb4 12. Qc2 O-O 13. a3 Qa5 14. b4 Qf5
15. Qxf5 Bxf5 16. Rfd1 Rfd8 17. Rac1 Rac8 18. Ne5 Bd6 19. Nxc6 Rxc6 20. Bf3 Nd5
21. Nb5 Bb8 22. Bxd5 Rxd5 23. Rxc6 bxc6 24. Nc3 Rd8 25. Rc1 h6 26. f3 Kf8 27.
g3 1/2-1/2

[Event "Lichtenberger Sommer 2019"]
[Site "Berlin"]
[Date "2019.08.18"]
[Round "2.51"]
[White "Bergmann, Jens"]
[Black "Mueller, Jörg René"]
[Result "1-0"]
[WhiteElo "1829"]
[BlackElo "1590"]
[PlyCount "111"]
[EventDate "2019.??.??"]
[WhiteTeam "SK Tempelhof 1931"]
[BlackTeam "SC Zugzwang 95 (Berlin)"]

1. e4 c5 2. e5 Nc6 3. f4 e6 4. Nf3 Nge7 5. Nc3 d6 6. Bb5 a6 7. Bxc6+ Nxc6 8.
exd6 Qxd6 9. d3 Be7 10. Be3 O-O 11. Ne4 Qc7 12. O-O b6 13. a3 Bb7 14. Qd2 f5
15. Neg5 Bc8 16. Rae1 Nd8 17. Qc3 Ra7 18. Ne5 h6 19. Ngf3 Kh7 20. Re2 Bf6 21.
Qe1 Nc6 22. Qg3 Nxe5 23. fxe5 Bd8 24. h4 Qf7 25. Nd2 Qg6 26. Qe1 Bb7 27. Nc4
Bc6 28. b4 Qg4 29. Rf4 Qg6 30. bxc5 b5 31. Nd6 Rd7 32. Kh2 Rxd6 33. cxd6 Qf7
34. Rf1 g6 35. Qf2 Qg7 36. Bb6 Qb7 37. Bxd8 Rxd8 38. Rb1 a5 39. c4 b4 40. axb4
axb4 41. Reb2 Qa8 42. Rxb4 Qa5 43. Qb2 Rd7 44. Ra1 Qd8 45. g3 f4 46. Rb8 fxg3+
47. Kxg3 Qxb8 48. Qxb8 Rf7 49. Ra7 Kg7 50. Rxf7+ Kxf7 51. Qc7+ Kg8 52. Qxc6 h5
53. Qd7 g5 54. c5 gxh4+ 55. Kxh4 Kh8 56. c6 1-0

[Event "Lichtenberger Sommer 2019"]
[Site "Berlin"]
[Date "2019.08.18"]
[Round "2.53"]
[White "Udet, Fabian"]
[Black "Tschernatsch, Johannes"]
[Result "0-1"]
[WhiteElo "1684"]
[BlackElo "2155"]
[PlyCount "28"]
[EventDate "2019.??.??"]
[WhiteTeam "1. SC Anhalt"]
[BlackTeam "SC Empor Potsdam"]

1. e4 c5 2. Nc3 e6 3. f4 Nc6 4. Nf3 d5 5. Bb5 d4 6. Ne2 Nf6 7. d3 Qa5+ 8. Bd2
Qxb5 9. b3 a5 10. O-O Be7 11. Qe1 Nb4 12. Bxb4 axb4 13. Qg3 O-O 14. Ne5 Nxe4
0-1

[Event "Lichtenberger Sommer 2019"]
[Site "Berlin"]
[Date "2019.08.18"]
[Round "2.55"]
[White "Tedesco, Gennaro"]
[Black "Keusch, Horst"]
[Result "1/2-1/2"]
[WhiteElo "1663"]
[BlackElo "2001"]
[PlyCount "79"]
[EventDate "2019.??.??"]
[WhiteTeam "SC Kreuzberg"]
[BlackTeam "SC Friesen Lichtenberg"]

1. d4 f5 2. Bg5 g6 3. e3 Bg7 4. h4 h6 5. Bf4 Nf6 6. Nc3 d6 7. Be2 Nc6 8. d5 Ne5
9. Bxe5 dxe5 10. Qd2 O-O 11. O-O-O a6 12. Bc4 b5 13. Bb3 Qd6 14. f3 Bd7 15. Nh3
a5 16. a4 Rfb8 17. Nf2 bxa4 18. Nxa4 Bxa4 19. Bxa4 e4 20. c3 Ra6 21. Kc2 Rab6
22. b3 Kh7 23. fxe4 Nxe4 24. Nxe4 fxe4 25. h5 g5 26. Qf2 Qe5 27. Qd2 Qd6 28.
Rhf1 Rd8 29. Rf7 Qc5 30. Qd4 Qxd4 31. cxd4 Rxd5 32. Rxe7 c5 33. Rf1 Kg8 34.
Re8+ Kh7 35. Rf7 Rf6 36. Rxf6 Bxf6 37. Rxe4 cxd4 38. exd4 Bxd4 39. g4 Kg7 40.
Kd3 1/2-1/2

[Event "Lichtenberger Sommer 2019"]
[Site "Berlin"]
[Date "2019.08.18"]
[Round "2.56"]
[White "Dittrich, Tom"]
[Black "Massa, Pietro"]
[Result "1/2-1/2"]
[WhiteElo "1923"]
[BlackElo "1677"]
[PlyCount "41"]
[EventDate "2019.??.??"]
[WhiteTeam "SG Stadtilm"]
[BlackTeam "SF 1903 Berlin"]

1. e4 c6 2. d4 d5 3. Nc3 dxe4 4. Nxe4 Nd7 5. Nf3 Ngf6 6. Nxf6+ Nxf6 7. Bd3 Bg4
8. c3 e6 9. h3 Bh5 10. Bg5 Be7 11. g4 Bg6 12. Qc2 Qd5 13. Ke2 Bxd3+ 14. Qxd3
O-O 15. Rhd1 Rad8 16. Qe3 Qb5+ 17. Ke1 Nd5 18. Qd3 Qxd3 19. Rxd3 f6 20. Be3 Kf7
21. Rad1 1/2-1/2

[Event "Lichtenberger Sommer 2019"]
[Site "Berlin"]
[Date "2019.08.18"]
[Round "2.57"]
[White "Wimmer, Thomas"]
[Black "Ollek, Karl-Heinz"]
[Result "1-0"]
[WhiteElo "1841"]
[BlackElo "1671"]
[PlyCount "73"]
[EventDate "2019.??.??"]
[WhiteTeam "SK Marburg"]
[BlackTeam "SC Friesen Lichtenberg"]

1. d4 Nf6 2. c4 b6 3. Nc3 e6 4. e4 d6 5. Bd3 Bb7 6. Nf3 Be7 7. O-O O-O 8. b3
Na6 9. a3 c6 10. Bb2 Nc7 11. Qc2 h6 12. Rad1 Qe8 13. e5 dxe5 14. dxe5 Nd7 15.
Ne4 Rc8 16. Nd6 Bxd6 17. exd6 Nd5 18. cxd5 cxd5 19. Qe2 Nc5 20. Bb1 Ba6 21. Qe5
f6 22. Qg3 Bxf1 23. Rxf1 g5 24. h4 Ne4 25. Bxe4 dxe4 26. hxg5 hxg5 27. Nxg5 Qg6
28. d7 Rcd8 29. Nxe6 Qxg3 30. fxg3 Rxd7 31. Nxf8 Rd2 32. Bxf6 Rd3 33. Be5 e3
34. Ne6 e2 35. Rf8+ Kh7 36. Rh8+ Kg6 37. Nf4+ 1-0

[Event "Lichtenberger Sommer 2019"]
[Site "Berlin"]
[Date "2019.08.18"]
[Round "2.58"]
[White "Kopischke, Maik"]
[Black "Gebhardt, Christine"]
[Result "1/2-1/2"]
[WhiteElo "1826"]
[BlackElo "1663"]
[PlyCount "238"]
[EventDate "2019.??.??"]
[WhiteTeam "SC Zugzwang 95 (Berlin)"]
[BlackTeam "Anastasias Matt"]

1. Nf3 e6 2. g3 c5 3. Bg2 Nc6 4. c4 Nf6 5. O-O d5 6. e3 Be7 7. b3 O-O 8. Bb2 d4
9. exd4 cxd4 10. d3 e5 11. Re1 Qc7 12. a3 Bg4 13. h3 Bh5 14. Nbd2 Nd7 15. b4
Rae8 16. Qb3 f5 17. c5+ Bf7 18. Qc2 Bg6 19. Nc4 a6 20. Bc1 h6 21. Bd2 Kh8 22.
a4 e4 23. Nh2 e3 24. fxe3 Qxg3 25. b5 Nce5 26. exd4 Nxd3 27. Re3 Qf2+ 28. Kh1
Nf4 29. Rg1 Bh5 30. Bxb7 axb5 31. Rf1 Qh4 32. Be1 Qg5 33. axb5 Nxc5 34. Rg1 Qf6
35. dxc5 Bxc5 36. Rxe8 Bxg1 37. Rxf8+ Qxf8 38. Kxg1 Qc5+ 39. Bf2 Nxh3+ 40. Kg2
Nxf2 41. Qxf2 Qxc4 42. Bc6 Qe6 43. Nf1 Be2 44. Ne3 Bxb5 45. Bxb5 Qe4+ 46. Qf3
Qxf3+ 47. Kxf3 g6 48. Nd5 Kg7 49. Kf4 Kf7 50. Bc4 Ke6 51. Ne3+ Kf6 52. Nd5+ Ke6
53. Nc7+ Kf6 54. Ne8+ Ke7 55. Bb5 Ke6 56. Ba4 g5+ 57. Kf3 Ke5 58. Ng7 g4+ 59.
Kg3 Kf6 60. Nh5+ Kg5 61. Be8 f4+ 62. Nxf4 Kf5 63. Bd7+ Ke5 64. Bxg4 Kf6 65. Kh4
Ke5 66. Nh3 Kf6 67. Kh5 Ke5 68. Kxh6 Ke4 69. Kg5 Ke5 70. Nf2 Kd4 71. Kf4 Kd5
72. Bf3+ Kd4 73. Ng4 Kd3 74. Be4+ Kd4 75. Ne3 Kc5 76. Ke5 Kb4 77. Kd4 Kb3 78.
Bd5+ Kb2 79. Kd3 Ka3 80. Kc3 Ka4 81. Bc6+ Ka3 82. Nc2+ Ka2 83. Bd5+ Kb1 84. Be4
Ka2 85. Bd5+ Kb1 86. Nd4 Ka1 87. Kb3 Kb1 88. Bc4 Ka1 89. Ne2 Kb1 90. Nc3+ Ka1
91. Na2 Kb1 92. Kc3 Ka1 93. Nb4 Kb1 94. Bb3 Ka1 95. Bc4 Kb1 96. Kb3 Ka1 97. Ka3
Kb1 98. Ba2+ Kc1 99. Kb3 Kd2 100. Kc4 Ke3 101. Bb1 Kf4 102. Nd5+ Ke5 103. Kc5
Ke6 104. Kd4 Kf7 105. Ke5 Kg7 106. Kf5 Kf7 107. Nf4 Kg7 108. Kg5 Kf7 109. Bf5
Kg7 110. Ne6+ Kf7 111. Nf4 Kg7 112. Ng6 Kf7 113. Nh4 Ke7 114. Kg6 Kd6 115. Kf6
Kc5 116. Ke5 Kc4 117. Nf3 Kc3 118. Nd4 Kb2 119. Bd3 Kc3 1/2-1/2

[Event "Lichtenberger Sommer 2019"]
[Site "Berlin"]
[Date "2019.08.18"]
[Round "2.59"]
[White "Kandeler, Christian"]
[Black "Hoyer, Olaf"]
[Result "0-1"]
[WhiteElo "1650"]
[BlackElo "1824"]
[PlyCount "94"]
[EventDate "2019.??.??"]
[WhiteTeam "TSG Oberschöneweide"]
[BlackTeam "SC BS Gliesmarode"]

1. e4 d6 2. d4 Nf6 3. Nc3 e5 4. dxe5 dxe5 5. Qxd8+ Kxd8 6. Nf3 Bd6 7. Bc4 Be6
8. Bxe6 fxe6 9. a3 Nbd7 10. O-O a6 11. Bg5 Ke7 12. Nd1 h6 13. Bxf6+ gxf6 14.
Re1 Rag8 15. Ne3 Nf8 16. h4 Ng6 17. g3 Nf4 18. Kh2 Nh5 19. Rab1 Bc5 20. b4 Bb6
21. c4 Bd4 22. c5 Rd8 23. Re2 Bxe3 24. Rxe3 Rd7 25. a4 Rhd8 26. b5 a5 27. c6
bxc6 28. bxc6 Rd1 29. Rb5 Rc1 30. Rxa5 Rxc6 31. Ra3 Rc2 32. Kg2 Rb8 33. Ne1 Rc4
34. Kf3 Rb6 35. Ra8 f5 36. a5 fxe4+ 37. Ke3 Rbb4 38. a6 Ra4 39. Rb3 Nf6 40. a7
Nd5+ 41. Ke2 Ra2+ 42. Kf1 Rca4 43. Rh8 Rxa7 44. Rbb8 e3 45. Rbe8+ Kd6 46. Rxh6
Rxf2+ 47. Kg1 Ra1 0-1

[Event "Lichtenberger Sommer 2019"]
[Site "Berlin"]
[Date "2019.08.18"]
[Round "2.60"]
[White "Ziems, Michael"]
[Black "Uhlenbrock, Sven"]
[Result "1/2-1/2"]
[WhiteElo "1820"]
[BlackElo "1652"]
[PlyCount "63"]
[EventDate "2019.??.??"]
[WhiteTeam "SV Empor Berlin"]

1. d4 d6 2. c4 e5 3. e3 Nd7 4. Nc3 g6 5. Nf3 Bg7 6. Be2 Ne7 7. b3 O-O 8. Bb2
Nf5 9. h4 Re8 10. dxe5 Nxe5 11. h5 c6 12. hxg6 hxg6 13. Qd2 Ng4 14. Na4 Bxb2
15. Qxb2 Qf6 16. Ng5 Qxb2 17. Nxb2 Nf6 18. Rd1 Ne4 19. Nxe4 Rxe4 20. g4 Nxe3
21. fxe3 Rxe3 22. Kf2 Rxe2+ 23. Kxe2 Bxg4+ 24. Kd2 Bxd1 25. Nxd1 Re8 26. Ne3 f5
27. Rg1 Kf7 28. Rf1 Re4 29. Kd3 Ke6 30. Rh1 Ke5 31. Rh7 Kf4 32. Rh4+ 1/2-1/2

[Event "Lichtenberger Sommer 2019"]
[Site "Berlin"]
[Date "2019.08.18"]
[Round "2.61"]
[White "Krawatzki, Armin"]
[Black "Korell, Klaus-Peter"]
[Result "1/2-1/2"]
[WhiteElo "1637"]
[BlackElo "1816"]
[PlyCount "61"]
[EventDate "2019.??.??"]
[WhiteTeam "Läufer Reinickendorf"]
[BlackTeam "SG TT/Wiheil"]

1. d4 Nf6 2. Nc3 d5 3. Bf4 e6 4. e3 Bd6 5. Bg3 O-O 6. Nf3 a6 7. Bd3 Qe7 8. O-O
b5 9. Re1 Bxg3 10. hxg3 Bb7 11. e4 dxe4 12. Nxe4 Nxe4 13. Bxe4 Bxe4 14. Rxe4
Rd8 15. Qe2 Rd5 16. c4 bxc4 17. Qxc4 Qd6 18. Rc1 Ra7 19. Qa4 Qd7 20. Qc2 Qb5
21. Re3 Qe8 22. Rc3 c6 23. Qa4 f6 24. Qc2 Rb7 25. Re1 Re7 26. Rc5 Rxc5 27. dxc5
Rd7 28. Qc4 Rd5 29. Nd4 Re5 30. Rxe5 fxe5 31. Nxe6 1/2-1/2

[Event "Lichtenberger Sommer 2019"]
[Site "Berlin"]
[Date "2019.08.18"]
[Round "2.62"]
[White "Matitschka, Johannes"]
[Black "Doraszelski, Alexander"]
[Result "1-0"]
[WhiteElo "1815"]
[BlackElo "1649"]
[PlyCount "69"]
[EventDate "2019.??.??"]
[WhiteTeam "TSG Oberschöneweide"]
[BlackTeam "SV Empor Berlin"]

1. Nf3 d5 2. g3 c5 3. Bg2 Nc6 4. O-O Nf6 5. d3 e5 6. Nbd2 Be7 7. e4 O-O 8. exd5
Nxd5 9. Nc4 f6 10. h3 Be6 11. Ne3 Nc7 12. Kh2 Qd7 13. Qe2 Rad8 14. a4 a6 15.
Bd2 f5 16. Bc3 Nd4 17. Bxd4 exd4 18. Ne5 Qe8 19. N3c4 Bd5 20. Rfe1 f4 21. Bxd5+
Nxd5 22. Qg4 fxg3+ 23. fxg3 b5 24. Na5 Rf2+ 25. Kg1 Ne3 26. Qe6+ Kf8 27. Kxf2
Rd6 28. Qb3 c4 29. dxc4 Rf6+ 30. Kg1 Bd6 31. Ng4 Qg6 32. Rxe3 dxe3 33. Qxe3 Rf5
34. Rf1 Bc5 35. Qxc5+ 1-0

[Event "Lichtenberger Sommer 2019"]
[Site "Berlin"]
[Date "2019.08.18"]
[Round "2.63"]
[White "Lieder, Günter"]
[Black "Ho, Ngoc Hai-Dang"]
[Result "1/2-1/2"]
[WhiteElo "1815"]
[BlackElo "1642"]
[PlyCount "38"]
[EventDate "2019.??.??"]
[WhiteTeam "SK Turm Bad Hersfeld"]
[BlackTeam "SV Mattnetz Berlin"]

1. c4 b6 2. Nc3 Bb7 3. d4 e6 4. e3 d5 5. Nf3 Bd6 6. cxd5 exd5 7. Bd3 Nf6 8. O-O
O-O 9. a3 a6 10. b4 Re8 11. Bb2 Nbd7 12. Rc1 b5 13. Nd2 Nb6 14. Nb3 Nc4 15.
Bxc4 dxc4 16. Nc5 Bxc5 17. dxc5 Qxd1 18. Rfxd1 Rad8 19. a4 c6 1/2-1/2

[Event "Lichtenberger Sommer 2019"]
[Site "Berlin"]
[Date "2019.08.18"]
[Round "2.64"]
[White "Ellert, Stefan"]
[Black "Schmalzried, Volker"]
[Result "1/2-1/2"]
[WhiteElo "1580"]
[BlackElo "1808"]
[PlyCount "33"]
[EventDate "2019.??.??"]
[WhiteTeam "SV Empor Berlin"]

1. d4 g6 2. e3 Bg7 3. Bd3 c5 4. c3 cxd4 5. exd4 Nf6 6. f4 d6 7. Nf3 O-O 8. O-O
Nc6 9. Nbd2 e5 10. fxe5 dxe5 11. Nxe5 Nxe5 12. dxe5 Qb6+ 13. Kh1 Ng4 14. Qe2
Nxe5 15. Nc4 Nxc4 16. Bxc4 Bf5 17. Bg5 1/2-1/2

[Event "Lichtenberger Sommer 2019"]
[Site "Berlin"]
[Date "2019.08.18"]
[Round "2.65"]
[White "Döring, Martin"]
[Black "Nguyen, Phuc Nhat"]
[Result "0-1"]
[WhiteElo "1807"]
[BlackElo "1599"]
[PlyCount "94"]
[EventDate "2019.??.??"]
[WhiteTeam "SC Weisse Dame"]
[BlackTeam "SC Zugzwang 95 (Berlin)"]

1. d4 Nf6 2. Nc3 d5 3. f3 c5 4. e3 Nc6 5. Nge2 cxd4 6. exd4 Bf5 7. a3 e6 8. Bg5
h6 9. Bh4 Be7 10. Qd2 Nh7 11. Bf2 Qb6 12. Rb1 Bg5 13. f4 Be7 14. Ng3 Nf6 15.
Nxf5 exf5 16. Bd3 g6 17. O-O O-O 18. Nxd5 Nxd5 19. c4 Nf6 20. d5 Qd8 21. Rbd1
Nxd5 22. cxd5 Qxd5 23. Qc3 Qe6 24. Bc4 Qf6 25. Qg3 Rad8 26. Rc1 Rd2 27. Be1 Rd6
28. Qh3 Kh7 29. b4 Rfd8 30. Bc3 Qh4 31. Qxh4 Bxh4 32. g3 Bf6 33. Bxf7 Bxc3 34.
Rxc3 Rd3 35. Rfc1 Rd1+ 36. Rxd1 Rxd1+ 37. Kg2 Rd2+ 38. Kh3 g5 39. g4 fxg4+ 40.
Kxg4 gxf4 41. Kf5 f3 42. Kg4 Ne5+ 43. Kg3 Rg2+ 44. Kh3 Nxf7 45. Rxf3 Rg7 46.
Rb3 h5 47. b5 Rg4 0-1

[Event "Lichtenberger Sommer 2019"]
[Site "Berlin"]
[Date "2019.08.18"]
[Round "2.66"]
[White "Timm, Christian"]
[Black "Mayer, Herbert"]
[Result "0-1"]
[WhiteElo "1573"]
[BlackElo "1804"]
[PlyCount "68"]
[EventDate "2019.??.??"]
[WhiteTeam "SV Herzberg"]
[BlackTeam "SC Rochade (Berlin)"]

1. Nf3 d5 2. d4 g6 3. g3 Bg7 4. Bg2 Nf6 5. O-O O-O 6. c3 Na6 7. b4 c6 8. a4 Nc7
9. Ba3 a5 10. Nbd2 Bf5 11. Re1 Qd7 12. bxa5 Rxa5 13. Nb3 Raa8 14. Ne5 Qd8 15.
Nc5 Qc8 16. e4 dxe4 17. Nxe4 Ncd5 18. Nxf6+ Bxf6 19. Qb3 Be6 20. c4 Nc7 21. d5
cxd5 22. cxd5 Bd7 23. Rac1 Bxa4 24. Qb6 Qf5 25. Be4 Qxe5 26. Rxc7 Bb3 27. Bb4
Bxd5 28. Bxg6 Ra1 29. Bxh7+ Kxh7 30. Rec1 Qe4 31. Kf1 Bc4+ 32. R7xc4 Qxc4+ 33.
Kg2 Rxc1 34. Qxb7 Rb1 0-1